Słynne wąsy - quiz obrazkowy - Statystyki

Ogólne statystyki
  • Ten quiz został rozwiązany 465 razy
  • Średni wynik to 7 z 12
Statystyki odpowiedzi
Obrazkowy Odpowiedź % Poprawnych
Adolf Hitler
98%
Lech Wałęsa
91%
Adam Małysz
90%
Albert Einstein
83%
Józef Stalin
82%
Brad Pitt
65%
Charlie Chaplin
65%
Fidel Castro
48%
Borat Sagdiyev /
Sacha Baron Cohen
45%
Salvador Dali
45%
Theodore Roosevelt
14%
Groucho Marx
5%
Nie znaleziono quizów pasujących do podanych kryteriów
Rozkład punktacji
Procent ludzi z każdym wynikiem
Percentyl według liczby udzielonych odpowiedzi
Twoja historia wyników
Nie rozwiązałeś tego quizu